[Event "SWVG Arnold Classic Prestige All 2019"]
[Site "Sandton"]
[Date "2019.05.18"]
[Round "4.4"]
[White "Cawdery, Daniel"]
[Black "Erlank, Warrick"]
[Result "1-0"]
[WhiteElo "2428"]
[BlackElo "2006"]
[Annotator "NA"]
[PlyCount "65"]
[EventDate "2019.05.18"]
[EventType "swiss"]
[EventCountry "RSA"]
[SourceTitle "playchess.com"]
[Source "ChessBase"]
[SourceQuality "1"]
[TimeControl "1500+10"]

1. e4 {[%emt 0:00:00]} e6 {[%emt 0:00:00]} 2. d4 {[%emt 0:00:06]} d5 {[%emt 0:00:00]} 3. Nd2 {[%emt 0:00:02]} c5 {[%emt 0:00:09]} 4. exd5 {[%emt 0:00:04]} Qxd5 {[%emt 0:00:06]} 5. Ngf3 {[%emt 0:00:02]} cxd4 {[%emt 0:00:07]} 6. Bc4 {[%emt 0:00:01]} Qd6 {[%emt 0:00:07]} 7. O-O {[%emt 0:00:05]} Nf6 {[%emt 0:00:06]} 8. Nb3 {[%emt 0:00:03]} Nc6 {[%emt 0:00:08]} 9. Nbxd4 {[%emt 0:00:08]} Nxd4 {[%emt 0:00:09]} 10. Nxd4 {[%emt 0:00:02]} a6 {[%emt 0:00:31]} 11. c3 {[%emt 0:01:27]} Bd7 {[%emt 0:00:47]} 12. Re1 {[%emt 0:01:39]} Qc7 {[%emt 0:00:40]} 13. Bb3 {[%emt 0:00:23]} O-O-O {[%emt 0:00:48]} 14. Qf3 {[%emt 0:01:20]} e5 {[%emt 0:01:33]} 15. Nc2 {[%emt 0:03:28]} e4 {[%emt 0:01:05]} 16. Qe2 {[%emt 0:00:01]} Ng4 {[%emt 0:02:30]} 17. g3 {[%emt 0:00:02]} Bd6 {[%emt 0:05:01]} 18. Ne3 {[%emt 0:02:15]} Nxe3 {[%emt 0:04:44]} 19. Bxe3 {[%emt 0:00:04]} h5 {[%emt 0:00:38]} 20. Qc4 {[%emt 0:00:48]} Bc6 {[%emt 0:01:17]} 21. Qxf7 {[%emt 0:00:20]} h4 {[%emt 0:01:54]} 22. Qxc7+ {[%emt 0:00:23]} Kxc7 {[%emt 0:00:02]} 23. Rad1 {[%emt 0:02:21]} Rdf8 {[%emt 0:01:07]} 24. Bd5 {[%emt 0:02:24]} Rf3 {[%emt 0:01:24]} 25. Bxc6 {[%emt 0:00:59]} Kxc6 {[%emt 0:00:01]} 26. Rd4 {[%emt 0:01:51]} Re8 {[%emt 0:01:16]} 27. Red1 {[%emt 0:00:38]} Re6 {[%emt 0:01:28]} 28. Kg2 {[%emt 0:01:42]} hxg3 {[%emt 0:00:38]} 29. hxg3 {[%emt 0:00:02]} Rff6 {[%emt 0:00:46]} 30. Rc4+ {[%emt 0:01:05]} Kb5 {[%emt 0:00:30]} 31. b3 {[%emt 0:00:17]} a5 {[%emt 0:00:10]} 32. Rc8 {[%emt 0:01:01]} a4 {[%emt 0:00:23]} 33. Rd5+ {[%emt 0:00:11]} 1-0

[Event "SWVG Arnold Classic Prestige All 2019"]
[Site "Sandton"]
[Date "2019.05.18"]
[Round "4.5"]
[White "Simutowe, Musatwe"]
[Black "Masiya, Mfundo"]
[Result "0-1"]
[WhiteElo "2170"]
[BlackElo "1856"]
[Annotator "NA"]
[PlyCount "68"]
[EventDate "2019.05.18"]
[EventType "swiss"]
[EventCountry "RSA"]
[SourceTitle "playchess.com"]
[Source "ChessBase"]
[SourceQuality "1"]
[TimeControl "1500+10"]

1. c4 {[%emt 0:00:00]} Nf6 {[%emt 0:00:00]} 2. Nc3 {[%emt 0:00:00]} e5 {[%emt 0:00:00]} 3. g3 {[%emt 0:00:04]} Nc6 {[%emt 0:00:00]} 4. Bg2 {[%emt 0:00:03]} Bc5 {[%emt 0:00:00]} 5. e3 {[%emt 0:00:05]} d5 {[%emt 0:00:01]} 6. cxd5 {[%emt 0:00:17]} Nb4 {[%emt 0:00:05]} 7. d4 {[%emt 0:01:11]} exd4 {[%emt 0:00:02]} 8. exd4 {[%emt 0:00:02]} Be7 {[%emt 0:00:01]} 9. Nge2 {[%emt 0:00:19]} Nbxd5 {[%emt 0:00:07]} 10. O-O {[%emt 0:00:02]} O-O {[%emt 0:00:02]} 11. Qb3 {[%emt 0:00:06]} c6 {[%emt 0:00:13]} 12. h3 {[%emt 0:00:25]} Nb6 {[%emt 0:01:09]} 13. Qc2 {[%emt 0:01:12]} Re8 {[%emt 0:00:44]} 14. Rd1 {[%emt 0:00:39]} Bf8 {[%emt 0:01:13]} 15. Nf4 {[%emt 0:00:26]} Nfd5 {[%emt 0:02:30]} 16. Ncxd5 {[%emt 0:00:27]} cxd5 {[%emt 0:00:26]} 17. Qb3 {[%emt 0:00:23]} Be6 {[%emt 0:00:35]} 18. Bd2 {[%emt 0:00:09]} Nc4 {[%emt 0:02:06]} 19. Bc3 {[%emt 0:02:13]} b6 {[%emt 0:00:29]} 20. Re1 {[%emt 0:00:43]} Rc8 {[%emt 0:00:33]} 21. Qd1 {[%emt 0:00:31]} Bd6 {[%emt 0:01:21]} 22. Nxd5 {[%emt 0:00:57]} Bb8 {[%emt 0:03:34]} 23. Ne3 {[%emt 0:00:45]} Nxe3 {[%emt 0:00:07]} 24. Rxe3 {[%emt 0:00:04]} Qd7 {[%emt 0:00:11]} 25. Kh2 {[%emt 0:00:27]} Bd5 {[%emt 0:00:54]} 26. Qd3 {[%emt 0:04:49]} Rxe3 {[%emt 0:00:33]} 27. Qxe3 {[%emt 0:00:02]} Re8 {[%emt 0:00:11]} 28. Qd3 {[%emt 0:00:02]} h5 {[%emt 0:00:24]} 29. h4 {[%emt 0:00:20]} Bxg2 {[%emt 0:01:54]} 30. Kxg2 {[%emt 0:00:03]} g6 {[%emt 0:00:18]} 31. d5 {[%emt 0:00:06]} Be5 {[%emt 0:00:54]} 32. Re1 {[%emt 0:02:02]} Bxc3 {[%emt 0:01:13]} 33. Rxe8+ {[%emt 0:00:02]} Qxe8 {[%emt 0:00:01]} 34. bxc3 {[%emt 0:00:19]} Qd7 {[%emt 0:00:15]} 0-1

[Event "SWVG Arnold Classic Prestige All 2019"]
[Site "Sandton"]
[Date "2019.05.18"]
[Round "4.6"]
[White "Bhawoodien, Shabir Hussain"]
[Black "Mthunzi, Brighton"]
[Result "1-0"]
[WhiteElo "2020"]
[BlackElo "2006"]
[Annotator "NA"]
[PlyCount "60"]
[EventDate "2019.05.18"]
[EventType "swiss"]
[EventCountry "RSA"]
[SourceTitle "playchess.com"]
[Source "ChessBase"]
[SourceQuality "1"]
[TimeControl "1500+10"]

1. e4 {[%emt 0:00:00]} c5 {[%emt 0:00:00]} 2. Nc3 {[%emt 0:00:00]} e6 {[%emt 0:00:00]} 3. Nf3 {[%emt 0:00:01]} a6 {[%emt 0:00:00]} 4. d4 {[%emt 0:00:02]} cxd4 {[%emt 0:00:06]} 5. Nxd4 {[%emt 0:00:01]} Qc7 {[%emt 0:00:05]} 6. Be2 {[%emt 0:00:08]} b5 {[%emt 0:00:10]} 7. O-O {[%emt 0:00:05]} Bb7 {[%emt 0:00:05]} 8. a3 {[%emt 0:00:03]} Nf6 {[%emt 0:00:19]} 9. Bf3 {[%emt 0:00:28]} d6 {[%emt 0:00:51]} 10. Re1 {[%emt 0:02:08]} Be7 {[%emt 0:00:20]} 11. g4 {[%emt 0:04:58]} O-O {[%emt 0:00:43]} 12. g5 {[%emt 0:01:11]} Nfd7 {[%emt 0:00:07]} 13. Bg2 {[%emt 0:00:09]} Nc6 {[%emt 0:00:53]} 14. h4 {[%emt 0:00:13]} Nxd4 {[%emt 0:02:35]} 15. Qxd4 {[%emt 0:00:02]} Ne5 {[%emt 0:00:07]} 16. h5 {[%emt 0:02:45]} Rac8 {[%emt 0:01:23]} 17. h6 {[%emt 0:04:33]} gxh6 {[%emt 0:00:03]} 18. gxh6 {[%emt 0:00:07]} Bf6 {[%emt 0:00:01]} 19. Qe3 {[%emt 0:02:42]} Kh8 {[%emt 0:00:20]} 20. Kh1 {[%emt 0:01:24]} Rg8 {[%emt 0:00:08]} 21. Qf4 {[%emt 0:01:06]} Rg6 {[%emt 0:01:36]} 22. f3 {[%emt 0:01:51]} Rcg8 {[%emt 0:02:13]} 23. Rg1 {[%emt 0:00:34]} Bg5 {[%emt 0:00:13]} 24. Qh2 {[%emt 0:00:15]} Rxh6 {[%emt 0:00:40]} 25. Qxh6 {[%emt 0:00:16]} Bxh6 {[%emt 0:00:02]} 26. Bxh6 {[%emt 0:00:01]} Qe7 {[%emt 0:00:33]} 27. Bf4 {[%emt 0:02:16]} Qh4+ {[%emt 0:00:02]} 28. Bh2 {[%emt 0:00:01]} Rg6 {[%emt 0:00:15]} 29. Bh3 {[%emt 0:01:34]} Qxh3 {[%emt 0:00:15]} 30. Rxg6 {[%emt 0:00:05]} hxg6 {[%emt 0:00:07]} 1-0

[Event "SWVG Arnold Classic Prestige All 2019"]
[Site "Sandton"]
[Date "2019.05.18"]
[Round "4.7"]
[White "Goosen, Anton"]
[Black "Khumalo, Keith"]
[Result "1-0"]
[WhiteElo "1965"]
[BlackElo "2086"]
[Annotator "NA"]
[PlyCount "92"]
[EventDate "2019.05.18"]
[EventType "swiss"]
[EventCountry "RSA"]
[SourceTitle "playchess.com"]
[Source "ChessBase"]
[SourceQuality "1"]
[TimeControl "1500+10"]

1. d4 {[%emt 0:00:00]} Nf6 {[%emt 0:00:00]} 2. Bg5 {[%emt 0:00:00]} d5 {[%emt 0:00:00]} 3. e3 {[%emt 0:00:00]} Nbd7 {[%emt 0:00:01]} 4. c4 {[%emt 0:00:05]} e6 {[%emt 0:00:04]} 5. Nc3 {[%emt 0:00:16]} c6 {[%emt 0:00:01]} 6. cxd5 {[%emt 0:00:25]} exd5 {[%emt 0:00:01]} 7. Bd3 {[%emt 0:00:05]} h6 {[%emt 0:00:05]} 8. Bh4 {[%emt 0:00:03]} Be7 {[%emt 0:00:18]} 9. Nge2 {[%emt 0:00:18]} O-O {[%emt 0:00:06]} 10. h3 {[%emt 0:00:13]} Re8 {[%emt 0:00:39]} 11. g4 {[%emt 0:00:06]} Ne4 {[%emt 0:00:01]} 12. Bxe7 {[%emt 0:00:18]} Qxe7 {[%emt 0:00:03]} 13. Nxe4 {[%emt 0:00:28]} dxe4 {[%emt 0:00:02]} 14. Bc2 {[%emt 0:00:18]} Qb4+ {[%emt 0:00:07]} 15. Nc3 {[%emt 0:00:56]} Nf6 {[%emt 0:00:30]} 16. Rb1 {[%emt 0:01:14]} a5 {[%emt 0:00:41]} 17. Qd2 {[%emt 0:00:35]} Qe7 {[%emt 0:00:21]} 18. Bb3 {[%emt 0:01:00]} Nh7 {[%emt 0:00:10]} 19. Bc4 {[%emt 0:00:58]} Qh4 {[%emt 0:01:08]} 20. Qc2 {[%emt 0:00:30]} Bxg4 {[%emt 0:00:21]} 21. Be2 {[%emt 0:06:27]} Bxe2 {[%emt 0:00:36]} 22. Qxe2 {[%emt 0:00:31]} Re6 {[%emt 0:00:58]} 23. Kd2 {[%emt 0:01:15]} Rf6 {[%emt 0:00:26]} 24. Rbf1 {[%emt 0:02:01]} Ng5 {[%emt 0:00:02]} 25. Kc2 {[%emt 0:01:06]} b5 {[%emt 0:00:12]} 26. Kb1 {[%emt 0:01:44]} Rf3 {[%emt 0:00:04]} 27. a3 {[%emt 0:00:49]} Rxh3 {[%emt 0:00:23]} 28. Rxh3 {[%emt 0:00:04]} Qxh3 {[%emt 0:00:01]} 29. Rg1 {[%emt 0:00:20]} Qe6 {[%emt 0:00:08]} 30. d5 {[%emt 0:00:09]} Qe5 {[%emt 0:02:00]} 31. dxc6 {[%emt 0:00:23]} Rb8 {[%emt 0:00:04]} 32. Rd1 {[%emt 0:00:57]} b4 {[%emt 0:00:10]} 33. Nb5 {[%emt 0:01:23]} Ne6 {[%emt 0:00:34]} 34. a4 {[%emt 0:01:47]} Rc8 {[%emt 0:01:24]} 35. Qc4 {[%emt 0:00:01]} Nc7 {[%emt 0:01:14]} 36. Rd4 {[%emt 0:00:39]} Qh5 {[%emt 0:00:38]} 37. Nxc7 {[%emt 0:00:14]} Rxc7 {[%emt 0:00:03]} 38. Rd7 {[%emt 0:00:13]} Rxd7 {[%emt 0:00:06]} 39. cxd7 {[%emt 0:00:18]} Qd1+ {[%emt 0:00:02]} 40. Ka2 {[%emt 0:00:07]} Qxa4+ {[%emt 0:00:02]} 41. Kb1 {[%emt 0:00:02]} Qd1+ {[%emt 0:00:12]} 42. Ka2 {[%emt 0:00:00]} Qxd7 {[%emt 0:00:01]} 43. Kb3 {[%emt 0:00:56]} Qe6 {[%emt 0:00:20]} 44. Qxe6 {[%emt 0:00:01]} fxe6 {[%emt 0:00:01]} 45. Kc4 {[%emt 0:00:01]} h5 {[%emt 0:00:01]} 46. Kd4 a4 {[%emt 0:18:19]} 1-0

[Event "SWVG Arnold Classic Prestige All 2019"]
[Site "Sandton"]
[Date "2019.05.18"]
[Round "4.8"]
[White "Simpson, Michael M"]
[Black "Fourie, Brandon"]
[Result "1-0"]
[WhiteElo "1995"]
[BlackElo "1566"]
[Annotator "NA"]
[PlyCount "59"]
[EventDate "2019.05.18"]
[EventType "swiss"]
[EventCountry "RSA"]
[SourceTitle "playchess.com"]
[Source "ChessBase"]
[SourceQuality "1"]
[TimeControl "1500+10"]

1. g3 {[%emt 0:00:00]} Nf6 {[%emt 0:00:07]} 2. Bg2 {[%emt 0:00:02]} d5 {[%emt 0:00:01]} 3. b3 {[%emt 0:00:03]} e5 {[%emt 0:00:16]} 4. Bb2 {[%emt 0:00:01]} Nc6 {[%emt 0:00:06]} 5. Nf3 {[%emt 0:01:04]} Bd6 {[%emt 0:00:27]} 6. d4 {[%emt 0:00:07]} e4 {[%emt 0:00:08]} 7. Nfd2 {[%emt 0:00:49]} e3 {[%emt 0:00:58]} 8. fxe3 {[%emt 0:00:09]} Ng4 {[%emt 0:00:20]} 9. Nf1 {[%emt 0:00:23]} O-O {[%emt 0:03:00]} 10. Nc3 {[%emt 0:00:37]} Qf6 {[%emt 0:05:37]} 11. Bf3 {[%emt 0:00:04]} Ne7 {[%emt 0:03:16]} 12. e4 {[%emt 0:00:28]} dxe4 {[%emt 0:01:04]} 13. Nxe4 {[%emt 0:00:03]} Qg6 {[%emt 0:00:45]} 14. Nxd6 {[%emt 0:00:41]} Qxd6 {[%emt 0:01:05]} 15. e4 {[%emt 0:00:11]} f5 {[%emt 0:00:52]} 16. e5 {[%emt 0:00:16]} Qb6 {[%emt 0:01:53]} 17. Qd2 {[%emt 0:00:24]} Be6 {[%emt 0:01:30]} 18. Ne3 {[%emt 0:00:40]} Nxe3 {[%emt 0:02:00]} 19. Qxe3 {[%emt 0:00:14]} Nd5 {[%emt 0:00:31]} 20. Qd2 {[%emt 0:03:38]} f4 {[%emt 0:01:19]} 21. c4 {[%emt 0:00:12]} Ne7 {[%emt 0:01:10]} 22. gxf4 {[%emt 0:00:11]} Ng6 {[%emt 0:00:21]} 23. c5 {[%emt 0:04:03]} Qa6 {[%emt 0:00:33]} 24. d5 {[%emt 0:00:09]} Nxf4 {[%emt 0:01:07]} 25. Be4 {[%emt 0:02:23]} Bg4 {[%emt 0:00:23]} 26. Rf1 {[%emt 0:05:50]} g5 {[%emt 0:00:01]} 27. Rg1 {[%emt 0:00:29]} h5 {[%emt 0:00:09]} 28. Qc2 {[%emt 0:03:02]} Nh3 {[%emt 0:00:13]} 29. Bh7+ {[%emt 0:00:11]} Kh8 {[%emt 0:00:03]} 30. e6+ {[%emt 0:00:05] Kg7 [%clk 0:00:00] Qg6# [%clk 0:00:00] Kh6 Qc2 [%clk 0:00:00] Kg7 [%clk 0:00:00]} 1-0

[Event "SWVG Arnold Classic Prestige All 2019"]
[Site "Sandton"]
[Date "2019.05.18"]
[Round "4.9"]
[White "Bucceri, Draven"]
[Black "Mwale, Joseph"]
[Result "0-1"]
[WhiteElo "1633"]
[BlackElo "2274"]
[Annotator "NA"]
[PlyCount "115"]
[EventDate "2019.05.18"]
[EventType "swiss"]
[EventCountry "RSA"]
[SourceTitle "playchess.com"]
[Source "ChessBase"]
[SourceQuality "1"]
[TimeControl "1500+10"]

1. d4 {[%emt 0:00:00]} Nf6 {[%emt 0:00:00]} 2. Bf4 {[%emt 0:00:00]} e6 {[%emt 0:00:00]} 3. e3 {[%emt 0:00:03]} d5 {[%emt 0:00:00]} 4. c3 {[%emt 0:00:02]} Bd6 {[%emt 0:00:00]} 5. Bg3 {[%emt 0:00:22]} c5 {[%emt 0:00:03]} 6. Bd3 {[%emt 0:00:14]} Nc6 {[%emt 0:00:02]} 7. Nf3 {[%emt 0:00:16]} O-O {[%emt 0:00:07]} 8. Ne5 {[%emt 0:00:33]} Qc7 {[%emt 0:00:33]} 9. f4 {[%emt 0:00:12]} a6 {[%emt 0:01:30]} 10. O-O {[%emt 0:01:03]} b5 {[%emt 0:00:31]} 11. Bh4 {[%emt 0:01:02]} Be7 {[%emt 0:00:29]} 12. Nd2 {[%emt 0:01:19]} b4 {[%emt 0:00:47]} 13. Rf3 {[%emt 0:05:16]} bxc3 {[%emt 0:02:17]} 14. bxc3 {[%emt 0:00:13]} Rb8 {[%emt 0:00:29]} 15. Bxf6 {[%emt 0:00:43]} g6 {[%emt 0:02:24]} 16. Nxc6 {[%emt 0:00:32]} Bxf6 {[%emt 0:00:10]} 17. Nxb8 {[%emt 0:00:05]} Qxb8 {[%emt 0:00:04]} 18. Rb1 {[%emt 0:02:17]} Qc7 {[%emt 0:00:09]} 19. Rf1 {[%emt 0:01:02]} Bd7 {[%emt 0:01:48]} 20. Nf3 {[%emt 0:00:28]} Qa5 {[%emt 0:00:25]} 21. Qd2 {[%emt 0:00:25]} c4 {[%emt 0:00:42]} 22. Be2 {[%emt 0:00:07]} Bb5 {[%emt 0:00:05]} 23. Rb2 {[%emt 0:00:56]} Be7 {[%emt 0:00:18]} 24. a4 {[%emt 0:01:26]} Bc6 {[%emt 0:02:23]} 25. Ne5 {[%emt 0:00:21]} Qc7 {[%emt 0:01:01]} 26. Rfb1 {[%emt 0:00:57]} a5 {[%emt 0:03:49]} 27. Nxc6 {[%emt 0:00:22]} Qxc6 {[%emt 0:00:01]} 28. Bd1 {[%emt 0:00:22]} Bd6 {[%emt 0:01:40]} 29. Rb6 {[%emt 0:00:53]} Qc7 {[%emt 0:00:03]} 30. Qb2 {[%emt 0:00:05]} Qd8 {[%emt 0:00:19]} 31. Qb5 {[%emt 0:00:31]} h5 {[%emt 0:00:42]} 32. Qc6 {[%emt 0:00:28]} Ba3 {[%emt 0:00:24]} 33. Bf3 {[%emt 0:00:45]} h4 {[%emt 0:00:26]} 34. Rb7 {[%emt 0:00:43]} h3 {[%emt 0:01:25]} 35. g3 {[%emt 0:00:09]} Qf6 {[%emt 0:01:08]} 36. Bxd5 {[%emt 0:01:18]} Qf5 {[%emt 0:01:39]} 37. Be4 {[%emt 0:00:02]} Qf6 {[%emt 0:00:42]} 38. Rb8 {[%emt 0:00:11]} Kg7 {[%emt 0:01:10]} 39. Rxf8 {[%emt 0:00:05]} Bxf8 {[%emt 0:00:03]} 40. Qxc4 {[%emt 0:00:15]} Qe7 {[%emt 0:00:17]} 41. Qb3 {[%emt 0:00:19]} e5 {[%emt 0:00:43]} 42. fxe5 {[%emt 0:00:10]} Qg5 {[%emt 0:00:04]} 43. c4 {[%emt 0:00:12]} Bb4 {[%emt 0:00:15]} 44. c5 {[%emt 0:00:13]} Bd2 {[%emt 0:00:27]} 45. Kf2 {[%emt 0:00:11]} Qg4 {[%emt 0:00:03]} 46. Bf3 {[%emt 0:00:07]} Qf5 {[%emt 0:00:02]} 47. e4 {[%emt 0:00:59]} Qd7 {[%emt 0:00:11]} 48. Qc4 {[%emt 0:00:14]} Bb4 {[%emt 0:00:31]} 49. c6 {[%emt 0:00:07]} Qc7 {[%emt 0:00:02]} 50. Qd5 {[%emt 0:00:54]} Qb6 {[%emt 0:00:42]} 51. Rc1 {[%emt 0:00:12]} Bd2 {[%emt 0:00:09]} 52. Rc2 {[%emt 0:00:13]} Bg5 {[%emt 0:00:13]} 53. c7 {[%emt 0:00:06]} Qb1 {[%emt 0:00:08]} 54. c8=Q {[%emt 0:00:14]} Be3+ {[%emt 0:00:04]} 55. Kxe3 {[%emt 0:00:09]} Qe1+ {[%emt 0:00:04]} 56. Kf4 {[%emt 0:00:09]} g5+ {[%emt 0:00:10]} 57. Kf5 {[%emt 0:00:32]} g4 {[%emt 0:00:04]} 58. Qxf7+ {[%emt 0:00:03]} 0-1

[Event "SWVG Arnold Classic Prestige All 2019"]
[Site "Sandton"]
[Date "2019.05.18"]
[Round "4.10"]
[White "Steyn, Hans"]
[Black "Sithole, Collins"]
[Result "1-0"]
[WhiteElo "1820"]
[BlackElo "1861"]
[Annotator "NA"]
[PlyCount "89"]
[EventDate "2019.05.18"]
[EventType "swiss"]
[EventCountry "RSA"]
[SourceTitle "playchess.com"]
[Source "ChessBase"]
[SourceQuality "1"]
[TimeControl "1500+10"]

1. Nf3 {[%emt 0:00:00]} Nf6 {[%emt 0:00:06]} 2. c4 {[%emt 0:00:04]} c5 {[%emt 0:00:06]} 3. Nc3 {[%emt 0:00:09]} Nc6 {[%emt 0:00:03]} 4. g3 {[%emt 0:00:09]} g6 {[%emt 0:25:25]} 5. Bg2 {[%emt 0:00:05]} Bg7 {[%emt 0:00:00]} 6. O-O {[%emt 0:00:03]} d6 {[%emt 0:00:00]} 7. d3 {[%emt 0:00:43]} Bd7 {[%emt 0:00:00]} 8. Bd2 {[%emt 0:00:29]} Rb8 {[%emt 0:00:00]} 9. Qc1 {[%emt 0:00:13]} h6 {[%emt 0:00:00]} 10. Rb1 {[%emt 0:00:17]} a6 {[%emt 0:00:00]} 11. a3 {[%emt 0:00:25]} Ng4 {[%emt 0:00:00]} 12. b4 {[%emt 0:00:18]} cxb4 {[%emt 0:00:00]} 13. axb4 {[%emt 0:24:15]} b5 {[%emt 0:00:00]} 14. cxb5 {[%emt 0:00:00]} axb5 {[%emt 0:00:00]} 15. h3 {[%emt 0:00:00]} Nge5 {[%emt 0:00:00]} 16. Nxe5 {[%emt 0:00:00]} Nxe5 {[%emt 0:00:00]} 17. Qa3 {[%emt 0:00:00]} O-O {[%emt 0:00:00]} 18. Rfc1 {[%emt 0:00:00]} Nc6 {[%emt 0:00:00]} 19. Qb3 {[%emt 0:00:00]} Be6 {[%emt 0:00:00]} 20. Nd5 {[%emt 0:00:00]} Rc8 {[%emt 0:00:00]} 21. Qd1 {[%emt 0:00:00]} Bd7 {[%emt 0:00:00]} 22. Kh2 {[%emt 0:00:00]} e6 {[%emt 0:00:00]} 23. Nc3 {[%emt 0:00:00]} Qb6 {[%emt 0:00:00]} 24. Ne4 {[%emt 0:00:00]} Nd4 {[%emt 0:00:00]} 25. e3 {[%emt 0:00:00]} Nf5 {[%emt 0:00:00]} 26. d4 {[%emt 0:00:00]} Qb8 {[%emt 0:00:00]} 27. Kg1 {[%emt 0:00:00]} Ne7 {[%emt 0:00:00]} 28. Nc3 {[%emt 0:02:30]} Rc7 {[%emt 0:04:00]} 29. Ne4 {[%emt 0:00:10]} Ra7 {[%emt 0:00:10]} 30. Ra1 {[%emt 0:00:10]} Rxa1 {[%emt 0:00:10]} 31. Rxa1 {[%emt 0:00:10]} Nc8 {[%emt 0:00:10]} 32. Ra6 {[%emt 0:00:10]} Nb6 {[%emt 0:00:10]} 33. Qa1 {[%emt 0:00:10]} f5 {[%emt 0:00:10]} 34. Nc3 {[%emt 0:00:10]} d5 {[%emt 0:00:10]} 35. Be1 {[%emt 0:00:10]} Nc4 {[%emt 0:00:10]} 36. Ra7 {[%emt 0:00:10]} Bc6 {[%emt 0:00:10]} 37. Ne2 {[%emt 0:00:10]} g5 {[%emt 0:00:10]} 38. Nc1 {[%emt 0:00:10]} f4 {[%emt 0:00:10]} 39. exf4 {[%emt 0:00:10]} gxf4 {[%emt 0:00:10]} 40. Nd3 {[%emt 0:00:10]} fxg3 {[%emt 0:00:10]} 41. fxg3 {[%emt 0:00:10]} Ne3 {[%emt 0:00:10]} 42. Ne5 {[%emt 0:00:10]} Bxe5 {[%emt 0:00:10]} 43. dxe5 {[%emt 0:00:10]} Nc2 {[%emt 0:00:10]} 44. Qa6 {[%emt 0:00:10]} Nxe1 {[%emt 0:00:10]} 45. Re7 {[%emt 0:00:10]} 1-0

[Event "SWVG Arnold Classic Prestige All 2019"]
[Site "Sandton"]
[Date "2019.05.18"]
[Round "4.11"]
[White "Mpya, Tshediso M"]
[Black "Mbedza, Richard"]
[Result "1-0"]
[WhiteElo "1958"]
[BlackElo "1886"]
[Annotator "NA"]
[PlyCount "99"]
[EventDate "2019.05.18"]
[EventType "swiss"]
[EventCountry "RSA"]
[SourceTitle "playchess.com"]
[Source "ChessBase"]
[SourceQuality "1"]
[TimeControl "1500+10"]

1. d4 {[%emt 0:00:00]} Nf6 {[%emt 0:00:02]} 2. Bf4 {[%emt 0:00:00]} d6 {[%emt 0:00:09]} 3. Nc3 {[%emt 0:00:01]} Nbd7 {[%emt 0:00:07]} 4. Nf3 {[%emt 0:00:01]} g6 {[%emt 0:00:20]} 5. e4 {[%emt 0:00:03]} Nh5 {[%emt 0:00:18]} 6. Bg5 {[%emt 0:00:02]} c6 {[%emt 0:01:19]} 7. e5 {[%emt 0:02:01]} Nb6 {[%emt 0:00:10]} 8. Bd3 {[%emt 0:00:17]} Bg7 {[%emt 0:00:42]} 9. h3 {[%emt 0:00:06]} f6 {[%emt 0:00:34]} 10. g4 {[%emt 0:00:45]} fxg5 {[%emt 0:01:17]} 11. gxh5 {[%emt 0:00:02]} Bf5 {[%emt 0:00:42]} 12. Bxf5 {[%emt 0:00:33]} gxf5 {[%emt 0:00:03]} 13. Nxg5 {[%emt 0:00:02]} Bh6 {[%emt 0:00:10]} 14. h4 {[%emt 0:00:44]} dxe5 {[%emt 0:00:27]} 15. dxe5 {[%emt 0:00:10]} Qc7 {[%emt 0:00:03]} 16. Qe2 {[%emt 0:00:25]} Bxg5 {[%emt 0:01:10]} 17. hxg5 {[%emt 0:00:02]} e6 {[%emt 0:00:01]} 18. O-O-O {[%emt 0:00:26]} Nd5 {[%emt 0:00:11]} 19. Nxd5 {[%emt 0:00:04]} cxd5 {[%emt 0:00:03]} 20. Rh3 {[%emt 0:00:15]} Qd7 {[%emt 0:00:23]} 21. f4 {[%emt 0:00:10]} O-O-O {[%emt 0:00:09]} 22. Rd4 {[%emt 0:00:21]} Kb8 {[%emt 0:00:11]} 23. Ra3 {[%emt 0:00:07]} Rc8 {[%emt 0:00:48]} 24. Qe3 {[%emt 0:00:07]} a6 {[%emt 0:00:10]} 25. Rb4 {[%emt 0:00:05]} Qc6 {[%emt 0:00:07]} 26. c3 {[%emt 0:00:25]} Rhd8 {[%emt 0:00:26]} 27. Qd4 {[%emt 0:00:10]} Ka8 {[%emt 0:00:16]} 28. Rb6 {[%emt 0:00:11]} Qc4 {[%emt 0:00:02]} 29. Qxc4 {[%emt 0:00:51]} Rxc4 {[%emt 0:00:01]} 30. Rab3 {[%emt 0:00:26]} Rd7 {[%emt 0:00:23]} 31. R3b4 {[%emt 0:00:44]} Rxb4 {[%emt 0:01:40]} 32. cxb4 {[%emt 0:01:28]} Re7 {[%emt 0:00:10]} 33. Rd6 {[%emt 0:00:14]} Kb8 {[%emt 0:00:11]} 34. Rd8+ {[%emt 0:00:02]} Ka7 {[%emt 0:00:06]} 35. h6 {[%emt 0:00:21]} Rc7+ {[%emt 0:00:02]} 36. Kd2 {[%emt 0:00:01]} Rc4 {[%emt 0:00:03]} 37. Rd7 {[%emt 0:00:02]} Rxf4 {[%emt 0:00:06]} 38. Rxh7 {[%emt 0:00:03]} Rg4 {[%emt 0:00:06]} 39. Rg7 {[%emt 0:00:01]} f4 {[%emt 0:00:01]} 40. h7 {[%emt 0:00:02]} Rh4 {[%emt 0:00:01]} 41. g6 {[%emt 0:00:02]} Rh6 {[%emt 0:00:02]} 42. Rg8 {[%emt 0:00:02]} Rh2+ {[%emt 0:00:03]} 43. Kc3 {[%emt 0:00:08]} f3 {[%emt 0:00:20]} 44. h8=Q {[%emt 0:00:05]} f2 {[%emt 0:00:05]} 45. Ra8+ {[%emt 0:00:05]} Kb6 {[%emt 0:00:03]} 46. Qd8+ {[%emt 0:00:10]} Kb5 {[%emt 0:00:09]} 47. Qd7+ {[%emt 0:00:16]} Kb6 {[%emt 0:00:56]} 48. Qd6+ {[%emt 0:00:02]} Kb5 {[%emt 0:00:02]} 49. Qc5+ {[%emt 0:00:03]} Ka4 {[%emt 0:00:02]} 50. Qa5# {[%emt 0:20:37]} 1-0

[Event "SWVG Arnold Classic Prestige All 2019"]
[Site "Sandton"]
[Date "2019.05.18"]
[Round "4.12"]
[White "Oosthuizen, Michal Jacobus"]
[Black "Klevansky, Aron"]
[Result "1-0"]
[WhiteElo "1512"]
[BlackElo "1878"]
[Annotator "NA"]
[PlyCount "47"]
[EventDate "2019.05.18"]
[EventType "swiss"]
[EventCountry "RSA"]
[SourceTitle "playchess.com"]
[Source "ChessBase"]
[SourceQuality "1"]
[TimeControl "1500+10"]

1. c4 {[%emt 0:25:10]} e5 {[%emt 0:25:10]} 2. g3 {[%emt 0:00:10]} Nf6 {[%emt 0:00:10]} 3. Bg2 {[%emt 0:00:10]} c6 {[%emt 0:00:10]} 4. d3 {[%emt 0:00:10]} d5 {[%emt 0:00:10]} 5. Nc3 {[%emt 0:00:10]} dxc4 {[%emt 0:00:10]} 6. dxc4 {[%emt 0:00:10]} Qxd1+ {[%emt 0:00:10]} 7. Kxd1 {[%emt 0:00:10]} Be6 {[%emt 0:00:10]} 8. b3 {[%emt 0:00:10]} Bc5 {[%emt 0:00:10]} 9. e3 {[%emt 0:00:10]} Na6 {[%emt 0:00:10]} 10. a3 {[%emt 0:00:10]} O-O-O+ {[%emt 0:00:10]} 11. Ke2 {[%emt 0:00:10]} Bf5 {[%emt 0:00:10]} 12. Bh3 {[%emt 0:00:10]} Ng4 {[%emt 0:00:10]} 13. f3 {[%emt 0:00:10]} Nh6 {[%emt 0:00:10]} 14. b4 {[%emt 0:00:10]} Be7 {[%emt 0:00:10]} 15. e4 {[%emt 0:00:10]} Bxh3 {[%emt 0:00:10]} 16. Nxh3 {[%emt 0:00:10]} Nc7 {[%emt 0:00:10]} 17. Be3 {[%emt 0:00:10]} b6 {[%emt 0:00:10]} 18. b5 {[%emt 0:00:10]} cxb5 {[%emt 0:00:10]} 19. cxb5 {[%emt 0:00:10]} Rd7 {[%emt 0:00:10]} 20. Nf2 {[%emt 0:00:10]} Rhd8 {[%emt 0:00:10]} 21. Rhd1 {[%emt 0:00:10]} Ng8 {[%emt 0:00:10]} 22. Nd3 {[%emt 0:00:10]} Bd6 {[%emt 0:00:10]} 23. f4 {[%emt 0:00:10]} f6 {[%emt 0:00:10]} 24. f5 {[%emt 0:00:10]} 1-0